书目信息 |
| 题名: |
大学英语六级710分考试一本通
|
|
| 作者: | 方振宇 主编 | |
| 分册: | ||
| 出版信息: | 北京 中国水利水电出版社 2010.04 |
|
| 页数: | 455页 | |
| 开本: | 26cm | |
| 丛书名: | ||
| 单 册: | ||
| 中图分类: | H310.42 | |
| 科图分类: | ||
| 主题词: | 英语--高等学校--教学参考资料 , 英语 | |
| 电子资源: | ||
| ISBN: | 978-7-5084-7258-4 | |
| 000 | 00919nam0 2200253 450 | |
| 001 | 1240750732 | |
| 005 | 20120105111959.95 | |
| 010 | @a978-7-5084-7258-4@dCNY38.00 | |
| 090 | @aH31@bfzy | |
| 096 | @aH31@bfzy | |
| 100 | @a20100714d2010 em y0chiy50 ea | |
| 101 | 0 | @achi@aeng |
| 102 | @aCN@b110000 | |
| 105 | @ay zq 000yy | |
| 200 | 1 | @a大学英语六级710分考试一本通@b专著@f方振宇主编@9da xue ying yu liu ji 710 fen kao shi yi ben tong |
| 210 | @a北京@c中国水利水电出版社@d2010.04 | |
| 215 | @a455页@d26cm | |
| 330 | @a本书严遵循《全国大学英语四、六级考试改革方案(试行)》的精神编写。包括:写作、快速阅读、听力理解、仔细阅读、改错、完形填空、翻译专家预测试题、最新真题点线面详解。 | |
| 606 | 0 | @a英语@x高等学校@j教学参考资料 |
| 606 | 0 | @a英语 |
| 690 | @aH310.42@v4 | |
| 701 | 0 | @a方振宇@c(英语)@4主编@9fang zhen yu |
| 801 | 0 | @aCN@b大连网信软件有限公司图书馆·11@c20120105 |
| 905 | @aZUCC@dH310.42@eF2782 | |
| 大学英语六级710分考试一本通/方振宇主编.-北京:中国水利水电出版社,2010.04 |
| 455页;26cm |
| ISBN 978-7-5084-7258-4:CNY38.00 |
| 本书严遵循《全国大学英语四、六级考试改革方案(试行)》的精神编写。包括:写作、快速阅读、听力理解、仔细阅读、改错、完形填空、翻译专家预测试题、最新真题点线面详解。 |
| ● |
| 相关链接 |
|
|
|
正题名:大学英语六级710分考试一本通
索取号:H310.42/F2782
 
预约/预借
| 序号 | 登录号 | 条形码 | 馆藏地/架位号 | 状态 | 备注 |
| 1 | 467731 | 204677313 | 语言库209/209语言库 96排2列2层/ [索取号:H310.42/F2782] | 在馆 | |
| 2 | 467732 | 204677322 | 语言库209/209语言库 96排2列2层/ [索取号:H310.42/F2782] | 在馆 | |
| 3 | 467733 | 204677331 | 语言库209/209语言库 96排2列2层/ [索取号:H310.42/F2782] | 在馆 |